Vainqueur du Giro - Statistiques

Statistiques générales
  • Ce quiz a été pris 112 fois
    58 depuis la dernière actualisation
  • Le résultat moyen est 36 sur 108
Statistiques - réponses
Année Pays Nom % Correct
2024 Slovénie Tadej Pogačar
100%
2018 Royaume-Uni Christopher Froome
94%
2008 | 2015 Espagne Alberto Contador
89%
2021 Colombie Egan Bernal
89%
2023 Slovénie Primoz Roglic
86%
2013 | 2016 Italie Vincenzo Nibali
86%
1968 | 1970 | 1972 | +2 others Belgique Eddy Merckx
80%
2014 Colombie Nairo Quintana
74%
1980 | 1982 | 1985 France Bernard Hinault
71%
2017 Pays-Bas Tom Dumoulin
71%
2019 Equateur Richard Carapaz
69%
1998 Italie Marco Pantani
63%
1989 France Laurent fignon
60%
1940 | 1947 | 1949 | +2 others Italie Fausto Coppi
54%
1960 | 1964 France Jacques Anquetil
54%
2022 Australie Jai Hindley
54%
2025 Royaume-Uni Simon Yates
54%
1992 | 1993 Espagne Miguel Indurain
51%
2020 Royaume-Uni Tao Geoghegan Hart
51%
2009 Russie Denis Menchov
46%
2006 | 2010 Italie Ivan Basso
46%
1936 | 1937 | 1946 Italie Gino Bartali
43%
1967 | 1969 | 1976 Italie Felice Gimondi
40%
1950 Suisse Hugo Koblet
40%
1987 Irlande Stephen Roche
40%
1956 | 1959 Luxembourg Charly Gaul
37%
2004 Italie Damiano Cunego
34%
1957 Italie Gastone Nencini
31%
2012 Canada Ryder Hesjedal
31%
2007 Italie Danilo Di Luca
26%
1984 Italie Francesco Moser
26%
2011 Italie Michele Scarponi
26%
1925 | 1927 | 1928 | +2 others Italie Alfredo Binda
23%
2001 | 2003 Italie Gilberto Simoni
23%
1995 Suisse Tony Rominger
23%
1994 Russie Evgueni Berzin
20%
1996 Russie Pavel Tonkov
20%
1948 | 1951 | 1955 Italie Fiorenzo Magni
17%
1971 Suède Gösta Pettersson
17%
1979 | 1983 Italie Guiseppe Saronni
17%
1997 | 1999 Italie Ivan Gotti
17%
2002 | 2005 Italie Paolo Savoldelli
17%
1988 États-Unis Andrew Hampsten
14%
1919 | 1923 Italie Constante Girardengo
14%
1990 Italie Gianni Bugno
14%
1934 Italie Learco Guerra
14%
1977 Belgique Michel Pollentier
14%
2000 Italie Stefano Garzelli
14%
1958 Italie Ercole Baldini
11%
1991 Italie Franco Chioccioli
11%
1981 Italie Giovanni Battaglin
11%
1965 Italie Vittorio Adorni
11%
1921 | 1922 | 1926 Italie Giovanni Brunero
9%
1978 Belgique Johan De Muynck
9%
1986 Italie Roberto Visentini
9%
1966 Italie Gianni Motta
6%
1909 Italie Luigi Ganna
6%
1912 Italie Équipe cycliste Atala
3%
1962 | 1963 Italie Franco Balmamion
3%
1920 Italie Gaetano Belloni
3%
1914 Italie Alfonso Calzolari
0%
1932 Italie Antonio Pesenti
0%
1961 Italie Arnaldo Pambianco
0%
1954 Suisse Carlo Clerici
0%
1910 | 1911 Italie Carlo Galetti
0%
1913 Italie Carlo Oriani
0%
1975 Italie Fausto Bertoglio
0%
1931 Italie Francesco Camusso
0%
1938 | 1939 Italie Giovanni Valetti
0%
1924 Italie Giuseppe Enrici
0%
1930 Italie Luigi Marchisio
0%
1935 Italie Vasco Bergamaschi
0%
Aucun quiz correspondant
Distribution des résultats
% des personnes avec chaque résultat
Percentile par nombre de réponses
Votre historique - résultats
Vous n’avez pas pris ce quiz depuis la dernière actualisation